A menina gotinha de água (Record no. 45351)

MARC details
000 -Etiqueta do registo
Valores 00731cam a2200241 4500
010 ## - Número ISBN
ISBN 9789723718010
021 ## - Número do Depósito Legal
Número 382878/14
100 ## - Dados gerais de processamento
Dados gerais 20150527d2014 c y0pory5003 ba
101 0# - Língua de publicação
Língua por
102 ## - País de publicação
País PT
200 1# - Titulo e menção de responsabilidade
Título próprio A menina gotinha de água
Primeira menção de responsabilidade Papiniano Carlos
Outras menções de responsabilidade il. Henrique Cayatte
205 ## - Menção da edição
Edição 1.ª ed.
Outras menções de edição reimp. 2020
210 #9 - Publicação
Local de publicação Porto
Nome do editor Assírio & Alvim,
Data de publicação 2014
215 ## - Descrição física 
Paginação / Volumes 45, [2] p.
Outras indicações físicas il.
Dimensões 24 cm
225 2# - Colecção 
Título próprio da colecção Assirinha
675 ## - CDU
Notação 087.5
Edição BN
Língua por
700 #1 - Autor principal
Apelido Carlos,
Nome Papiniano,
Datas 1918-2012
701 #1 - Autor co-responsavel
Apelido Cayatte,
Nome Henrique,
Datas 1957-
Função 440
801 #0 - Fonte de origem
País PT
Agência BN
Regras de catalogação RPC
856 41 - Localização e acesso electrónico 
URL <a href="http://rnod.bnportugal.gov.pt/ImagesBN/winlibimg.aspx?skey=&doc=1902055&img=61206&save=true">http://rnod.bnportugal.gov.pt/ImagesBN/winlibimg.aspx?skey=&doc=1902055&img=61206&save=true</a>
990 ## - Elementos KOHA
Tipo de documento Livro
Holdings
Aquisição Empréstimo Código de barras Cota Permissão de empréstimo Tipo de documento
Biblioteca Municipal de Redondo Biblioteca Municipal de Redondo 056109 82-93 CAR   Livro

Powered by Koha